Statistics for The Hateful Eight Cast

Click here to take the quiz!

General Stats

  • This quiz has been taken 9 times
  • The average score is 8 of 12

Answer Stats

CharacterActor% Correct
JodyChanning Tatum
100%
Major Marquis WarrenSamuel L. Jackson
100%
John RuthKurt Russell
86%
Joe GageMichael Madsen
86%
Oswaldo MobrayTim Roth
86%
Daisy DomergueJennifer Jason Leigh
71%
NarratorQuentin Tarantino
71%
General Sandy SmithersBruce Dern
57%
Six Horse JudyZoe Bell
57%
Sherrif Chris MannixWalton Goggins
43%
O.B.James Parks
29%
BobDemian Bachir
0%

Score Distribution

Percentile by Number Answered

Percent of People with Each Score

Your Score History

You have not taken this quiz